[Event "HUN-chT2 Breyer 1415"]
[Site "Hungary"]
[Date "2014.12.14"]
[Round "?"]
[White "Pilis, Peter"]
[Black "Szenczy, Sandor"]
[Result "0-1"]
[WhiteElo "1678"]
[BlackElo "1915"]
[PlyCount "66"]
[EventDate "2014.09.07"]
[EventType "team-tourn"]
[EventRounds "11"]
[EventCountry "HUN"]
[SourceTitle "EXT 2016"]
[Source "ChessBase"]
[SourceDate "2015.10.08"]
[SourceVersion "1"]
[SourceVersionDate "2015.10.08"]
[SourceQuality "1"]
[WhiteTeam "Torokbalint"]
[BlackTeam "Szazhalombatta"]
[WhiteTeamCountry "HUN"]
[BlackTeamCountry "HUN"]

1. e4 c5 2. Nf3 d6 3. d4 cxd4 4. Nxd4 g6 5. Be3 Bg7 6. c3 Nf6 7. Bd3 0-0 8. h3 Nc6 9. 0-0 Bd7 10. Qd2 Rc8 11. Bh6 Ne5 12. Bxg7 Kxg7 13. Be2 Nxe4 14. Qe3 f5 15. f4 Nc4 16. Qc1 e5 17. Nb3 Ng3 18. Bxc4 Rxc4 19. Re1 Rxf4 20. Kh2 Qh4 21. N1d2 Bc6 22. Na5 Be4 23. Nac4 Nh5 24. Nxe4 fxe4 25. Qe3 Rf3 26. Qxe4 Qg3+ 27. Kg1 Nf4 28. Qxb7+ Rf7 29. Qxf3 Nxh3+ 30. Kh1 Rxf3 31. Re2 Nf2+ 32. Kg1 Ng4 33. Nxd6 Qh2# 0-1

[Event "LSS SB-2010-0-00104"]
[Site "LSS email"]
[Date "2010.08.08"]
[Round "?"]
[White "Herzog, Klaus"]
[Black "Szenczy, Sandor"]
[Result "1/2-1/2"]
[WhiteElo "1851"]
[BlackElo "1969"]
[PlyCount "73"]
[EventDate "2010.07.12"]
[EventType "tourn (corr)"]
[EventRounds "6"]
[EventCountry "GER"]
[SourceTitle "Telechess CBM 143"]
[Source "ChessBase"]
[SourceDate "2011.07.15"]
[SourceVersion "1"]
[SourceVersionDate "2011.07.15"]
[SourceQuality "1"]

1. d4 Nf6 2. c4 g6 3. Nc3 Bg7 4. e4 d6 5. f3 0-0 6. Nge2 c5 7. d5 e6 8. Ng3 exd5 9. cxd5 a6 10. a4 Nbd7 11. Be2 Re8 12. 0-0 h5 13. Bg5 Qa5 14. Qc2 Nh7 15. Bd2 Bd4+ 16. Kh1 h4 17. Nb5 Qd8 18. Nf5 gxf5 19. Nxd6 Re5 20. Nxf5 Rxf5 21. exf5 Ndf6 22. Bc4 Nxd5 23. Qe4 Nhf6 24. Qxh4 Bxf5 25. Qg5+ Bg6 26. Rfd1 Ne7 27. Be3 Qd6 28. Bf4 Qc6 29. Rac1 Re8 30. Rxd4 cxd4 31. Be5 Nh7 32. Qd2 Bf5 33. Bxf7+ Kxf7 34. Rxc6 Nxc6 35. Bxd4 Rd8 36. Qf4 Nxd4 37. g4 1/2-1/2

[Event "LSS SB-2010-0-00104"]
[Site "LSS email"]
[Date "2010.08.08"]
[Round "?"]
[White "Santistevan, Ovidio"]
[Black "Szenczy, Sandor"]
[Result "1-0"]
[WhiteElo "1927"]
[BlackElo "1938"]
[PlyCount "67"]
[EventDate "2010.07.12"]
[EventType "tourn (corr)"]
[EventRounds "6"]
[EventCountry "GER"]
[SourceTitle "Telechess CBM 143"]
[Source "ChessBase"]
[SourceDate "2011.07.15"]
[SourceVersion "1"]
[SourceVersionDate "2011.07.15"]
[SourceQuality "1"]

1. e4 c5 2. Nf3 d6 3. d4 cxd4 4. Nxd4 Nf6 5. Nc3 g6 6. Be3 Bg7 7. f3 0-0 8. Qd2 Nc6 9. Bc4 Bd7 10. 0-0-0 Rc8 11. Bb3 Ne5 12. Kb1 Nc4 13. Bxc4 Rxc4 14. g4 Qc7 15. g5 Nh5 16. Nd5 Qd8 17. Ne2 Be6 18. Bxa7 Bxd5 19. Qxd5 Qc7 20. c3 b5 21. Be3 b4 22. b3 Rxc3 23. Nxc3 Qxc3 24. Bd4 Qxf3 25. Bxg7 Nxg7 26. Rhe1 Qf2 27. e5 dxe5 28. Qxe5 Ne6 29. Re2 Qf3 30. Qe4 Qh3 31. Qxb4 Qf5+ 32. Rc2 Qxg5 33. Rd7 Re8 34. a4 1-0

[Event "LSS RA-2010-0-00096"]
[Site "LSS email"]
[Date "2010.06.20"]
[Round "?"]
[White "Schroeder, Christoph"]
[Black "Szenczy, Sandor"]
[Result "1/2-1/2"]
[WhiteElo "2116"]
[BlackElo "1991"]
[PlyCount "107"]
[EventDate "2010.05.27"]
[EventType "tourn (corr)"]
[EventRounds "6"]
[EventCountry "GER"]
[SourceTitle "Telechess CBM 141"]
[Source "ChessBase"]
[SourceDate "2011.03.17"]
[SourceVersion "1"]
[SourceVersionDate "2011.03.17"]
[SourceQuality "1"]

1. e4 c5 2. Nf3 d6 3. d4 cxd4 4. Nxd4 Nf6 5. Nc3 a6 6. Bc4 e6 7. 0-0 Be7 8. Bb3 0-0 9. Qf3 Nbd7 10. Qg3 Nc5 11. Bh6 Ne8 12. Be3 Bd7 13. f4 b5 14. a3 Nf6 15. e5 Nfe4 16. Nxe4 Nxe4 17. Qf3 Nc5 18. Ba2 dxe5 19. fxe5 Qc7 20. b4 Na4 21. Qg3 Kh8 22. Rf3 Bc6 23. Rf4 Nc3 24. Raf1 Nxa2 25. Rxf7 Rg8 26. Nxc6 Qxc6 27. Rxe7 Nc3 28. Qf2 Nd5 29. Rf7 Nxe3 30. Qxe3 Qxc2 31. h3 Rac8 32. Kh2 Qb2 33. Re7 Rc3 34. Qf4 Rxa3 35. Rf2 Qc3 36. Rf3 Qa1 37. Rxa3 Qxa3 38. Rxe6 a5 39. Rb6 Qa4 40. Rb7 axb4 41. e6 Qa8 42. Rxb5 Qe8 43. Qc4 Qe7 44. Rxb4 Qd6+ 45. Kg1 Qd1+ 46. Qf1 Qxf1+ 47. Kxf1 h6 48. Kf2 Re8 49. Rb6 Kh7 50. Kf3 Kg6 51. Ke4 Kf6 52. Kd5 Rd8+ 53. Rd6 Ra8 54. Rd7 1/2-1/2

[Event "LSS RA-2010-0-00096"]
[Site "LSS email"]
[Date "2010.06.20"]
[Round "?"]
[White "Szenczy, Sandor"]
[Black "Slamenik, Jan"]
[Result "1/2-1/2"]
[WhiteElo "1957"]
[BlackElo "2142"]
[PlyCount "41"]
[EventDate "2010.05.27"]
[EventType "tourn (corr)"]
[EventRounds "6"]
[EventCountry "GER"]
[SourceTitle "Telechess CBM 141"]
[Source "ChessBase"]
[SourceDate "2011.03.17"]
[SourceVersion "1"]
[SourceVersionDate "2011.03.17"]
[SourceQuality "1"]

1. f4 d5 2. Nf3 Nf6 3. e3 g6 4. Be2 Bg7 5. 0-0 0-0 6. d3 c5 7. Qe1 Nc6 8. Qh4 b6 9. Nbd2 Qc7 10. c3 Bf5 11. e4 dxe4 12. dxe4 Bxe4 13. Nxe4 Nxe4 14. f5 gxf5 15. Ng5 Nxg5 16. Bxg5 e6 17. Rf3 Ne5 18. Rh3 h6 19. Bxh6 Ng6 20. Qh5 Rfd8 21. Bf3 1/2-1/2

[Event "OP-2010-0-01167"]
[Site "LSS email"]
[Date "2010.05.22"]
[Round "?"]
[White "Latta, Hynek"]
[Black "Szenczy, Sandor"]
[Result "0-1"]
[WhiteElo "1752"]
[BlackElo "1979"]
[PlyCount "84"]
[EventDate "2010.05.17"]
[EventType "tourn (corr)"]
[EventRounds "4"]
[EventCountry "GER"]
[SourceTitle "Telechess CBM 141"]
[Source "ChessBase"]
[SourceDate "2011.03.17"]
[SourceVersion "1"]
[SourceVersionDate "2011.03.17"]
[SourceQuality "1"]

1. e4 e5 2. Nf3 Nc6 3. Bb5 a6 4. Bxc6 dxc6 5. d3 Bd6 6. Nbd2 f6 7. Nc4 Be6 8. 0-0 Ne7 9. Be3 0-0 10. Nfd2 Ng6 11. c3 Be7 12. d4 exd4 13. cxd4 f5 14. f3 Bg5 15. Qe1 fxe4 16. fxe4 Rxf1+ 17. Kxf1 Bxe3 18. Qxe3 Qf6+ 19. Qf2 Qe7 20. Kg1 Bxc4 21. Nxc4 Qxe4 22. Re1 Qd5 23. b3 Rf8 24. Qe3 Rf4 25. g3 Nh4 26. Qe8+ Rf8 27. Qe6+ Qxe6 28. Rxe6 Nf3+ 29. Kg2 Nxd4 30. Re7 Rc8 31. Rd7 c5 32. b4 b5 33. bxc5 Ne6 34. Re7 Nxc5 35. Ne3 h6 36. g4 Kf8 37. Nf5 g6 38. Rh7 Re8 39. Nxh6 Re7 40. Rxe7 Kxe7 41. g5 Ne4 42. h4 b4 0-1

[Event "LSS ZH-2008-0-00217"]
[Site "LSS email"]
[Date "2008.09.25"]
[Round "?"]
[White "Godat, Terry"]
[Black "Szenczy, Sandor"]
[Result "1-0"]
[WhiteElo "2117"]
[BlackElo "2007"]
[PlyCount "61"]
[EventDate "2008.09.24"]
[EventType "match (corr)"]
[EventRounds "2"]
[EventCountry "GER"]
[SourceTitle "Corr 2013"]
[Source "ChessBase"]
[SourceDate "2012.11.12"]
[SourceVersion "1"]
[SourceVersionDate "2012.11.12"]
[SourceQuality "1"]

1. e4 e5 2. Nf3 Nc6 3. Bc4 Nf6 4. Ng5 Bc5 5. Nxf7 Bxf2+ 6. Kf1 Qe7 7. Nxh8 d5 8. exd5 Nd4 9. d6 Qxd6 10. Nf7 Qc5 11. d3 Bh4 12. b4 Qe7 13. Nd2 Bg4 14. Nf3 Bxf3 15. gxf3 b5 16. Bb3 Nxb3 17. axb3 Kxf7 18. Bd2 c5 19. bxc5 Qxc5 20. Kg2 Nd5 21. c4 Nf4+ 22. Bxf4 exf4 23. Rf1 Bf6 24. Ra5 a6 25. Qd2 Qe3 26. Qxe3 fxe3 27. Ra2 bxc4 28. bxc4 a5 29. Rb1 a4 30. f4 a3 31. Kf3 1-0

[Event "LSS RA-2008-0-00023"]
[Site "LSS email"]
[Date "2008.09.17"]
[Round "?"]
[White "Szenczy, Sandor"]
[Black "Sabo, Marko"]
[Result "1/2-1/2"]
[WhiteElo "1938"]
[BlackElo "2145"]
[PlyCount "69"]
[EventDate "2008.08.30"]
[EventType "tourn (corr)"]
[EventRounds "6"]
[EventCountry "GER"]
[SourceTitle "Corr 2013"]
[Source "ChessBase"]
[SourceDate "2012.11.12"]
[SourceVersion "1"]
[SourceVersionDate "2012.11.12"]
[SourceQuality "1"]

1. e4 c5 2. Nf3 d6 3. d4 cxd4 4. Nxd4 g6 5. Nc3 Bg7 6. Be3 Nf6 7. f3 a6 8. Qd2 Nbd7 9. 0-0-0 h5 10. Bc4 Qc7 11. Bb3 Nc5 12. Kb1 Nxb3 13. Nxb3 b5 14. Bd4 Be6 15. Rhe1 0-0 16. e5 dxe5 17. Bxe5 Qb6 18. Qd4 Qxd4 19. Nxd4 Bd7 20. Bxf6 Bxf6 21. Nd5 Rad8 22. Nxe7+ Kg7 23. Re4 Rfe8 24. Nd5 Rxe4 25. fxe4 Bxd4 26. Rxd4 Bc6 27. c3 f5 28. Kc2 Re8 29. Kd2 Rxe4 30. Rxe4 fxe4 31. Nb4 Bb7 32. Ke3 h4 33. Nc2 Kf6 34. Kd4 Kf5 35. Ne3+ 1/2-1/2

[Event "LSS RA-2008-0-00022"]
[Site "LSS email"]
[Date "2008.09.02"]
[Round "?"]
[White "Szenczy, Sandor"]
[Black "Pintonello, Gilberto"]
[Result "1/2-1/2"]
[WhiteElo "1938"]
[BlackElo "2018"]
[PlyCount "49"]
[EventDate "2008.08.29"]
[EventType "tourn (corr)"]
[EventRounds "6"]
[EventCountry "GER"]
[SourceTitle "Corr 2013"]
[Source "ChessBase"]
[SourceDate "2012.11.12"]
[SourceVersion "1"]
[SourceVersionDate "2012.11.12"]
[SourceQuality "1"]

1. c4 Nf6 2. d4 e6 3. Nf3 d5 4. Nc3 Bb4 5. Bg5 0-0 6. e3 c6 7. Qc2 h6 8. Bh4 Nbd7 9. Nd2 dxc4 10. Nxc4 b5 11. Ne5 Bb7 12. Bd3 c5 13. Nxd7 Qxd7 14. Bxf6 gxf6 15. dxc5 Rac8 16. a3 Bxc5 17. Bxb5 Qc7 18. 0-0 Bd6 19. g3 Rfd8 20. Qa4 f5 21. Rfd1 Ba8 22. Ba6 Rb8 23. Rac1 Qb6 24. Rc2 Bc6 25. Qc4 1/2-1/2

[Event "LSS SA-2008-0-00023"]
[Site "LSS email"]
[Date "2008.07.30"]
[Round "?"]
[White "Szenczy, Sandor"]
[Black "Muhl, Patrick"]
[Result "0-1"]
[WhiteElo "2023"]
[BlackElo "2155"]
[PlyCount "76"]
[EventDate "2008.07.22"]
[EventType "tourn (corr)"]
[EventRounds "6"]
[EventCountry "GER"]
[SourceTitle "Corr 2013"]
[Source "ChessBase"]
[SourceDate "2012.11.12"]
[SourceVersion "1"]
[SourceVersionDate "2012.11.12"]
[SourceQuality "1"]
[WhiteTeam "US of America"]
[BlackTeam "US of America"]
[WhiteTeamCountry "USA"]
[BlackTeamCountry "USA"]

1. d4 Nf6 2. c4 g6 3. Nc3 Bg7 4. e4 d6 5. Be2 0-0 6. Nf3 e5 7. 0-0 Nc6 8. d5 Ne7 9. b4 Nh5 10. Re1 f5 11. Ng5 Nf6 12. Bf3 c6 13. Be3 cxd5 14. exd5 e4 15. Be2 Ng4 16. Bd4 Ne5 17. f4 exf3 18. Nxf3 a5 19. b5 f4 20. Bxe5 dxe5 21. c5 Nf5 22. d6 Ne3 23. Qb3+ Kh8 24. Ne4 a4 25. Qc3 Bf5 26. Nfd2 a3 27. c6 Qb6 28. Kh1 Nd5 29. Qc1 bxc6 30. bxc6 Rfc8 31. c7 Nxc7 32. dxc7 Qxc7 33. Qxc7 Rxc7 34. Rac1 Rxc1 35. Rxc1 Rb8 36. Bd3 Bf8 37. Nc4 Rc8 38. Kg1 Be7 0-1

[Event "LSS SA-2008-0-00023"]
[Site "LSS email"]
[Date "2008.07.29"]
[Round "?"]
[White "Delgado, Raul Alejandro"]
[Black "Szenczy, Sandor"]
[Result "1-0"]
[WhiteElo "2041"]
[BlackElo "2023"]
[PlyCount "60"]
[EventDate "2008.07.22"]
[EventType "tourn (corr)"]
[EventRounds "6"]
[EventCountry "GER"]
[SourceTitle "Corr 2013"]
[Source "ChessBase"]
[SourceDate "2012.11.12"]
[SourceVersion "1"]
[SourceVersionDate "2012.11.12"]
[SourceQuality "1"]
[WhiteTeam "US of America"]
[BlackTeam "US of America"]
[WhiteTeamCountry "USA"]
[BlackTeamCountry "USA"]

1. d4 Nf6 2. c4 e6 3. Nc3 Bb4 4. e3 0-0 5. Bd3 d5 6. Nf3 c5 7. 0-0 Nc6 8. a3 Bxc3 9. bxc3 b6 10. cxd5 exd5 11. Ne5 Qc7 12. Nxc6 Qxc6 13. f3 Re8 14. a4 Bd7 15. a5 c4 16. Bc2 b5 17. Re1 h5 18. Ba3 h4 19. Qd2 h3 20. Qf2 hxg2 21. Qxg2 g6 22. e4 Kg7 23. e5 Nh5 24. Qg5 Qc8 25. Kf2 Qd8 26. Bc1 Qxg5 27. Bxg5 Bh3 28. a6 Rab8 29. Bd2 Rb6 30. Ra5 Kg8 1-0

[Event "LSS SA-2008-0-00023"]
[Site "LSS email"]
[Date "2008.07.29"]
[Round "?"]
[White "Kurpnieks, Vairis"]
[Black "Szenczy, Sandor"]
[Result "1-0"]
[WhiteElo "2099"]
[BlackElo "2023"]
[PlyCount "61"]
[EventDate "2008.07.22"]
[EventType "tourn (corr)"]
[EventRounds "6"]
[EventCountry "GER"]
[SourceTitle "Corr 2013"]
[Source "ChessBase"]
[SourceDate "2012.11.12"]
[SourceVersion "1"]
[SourceVersionDate "2012.11.12"]
[SourceQuality "1"]
[WhiteTeam "US of America"]
[BlackTeam "US of America"]
[WhiteTeamCountry "USA"]
[BlackTeamCountry "USA"]

1. e4 c5 2. Nf3 d6 3. d4 cxd4 4. Nxd4 Nf6 5. Nc3 a6 6. Rg1 e5 7. Nf3 Nc6 8. Bg5 Be7 9. Qd2 0-0 10. g4 h6 11. Bxh6 gxh6 12. Qxh6 Nh7 13. g5 Kh8 14. Nd5 Rg8 15. h4 Rg6 16. Qh5 Be6 17. 0-0-0 Kg8 18. Kb1 Qa5 19. Bc4 Rc8 20. Nf6+ Nxf6 21. Qxg6+ fxg6 22. Bxe6+ Kh8 23. gxf6 Rf8 24. Rxg6 Bxf6 25. Rdg1 Qc7 26. Rh6+ Qh7 27. Rxh7+ Kxh7 28. c3 Kh6 29. Ng5 Bxg5 30. hxg5+ Kg7 31. Rd1 1-0

[Event "LSS RA-2008-0-00018"]
[Site "LSS email"]
[Date "2008.07.29"]
[Round "?"]
[White "Sherwood, Russell"]
[Black "Szenczy, Sandor"]
[Result "1/2-1/2"]
[WhiteElo "1653"]
[BlackElo "1938"]
[PlyCount "74"]
[EventDate "2008.07.20"]
[EventType "tourn (corr)"]
[EventRounds "6"]
[EventCountry "GER"]
[SourceTitle "Corr 2013"]
[Source "ChessBase"]
[SourceDate "2012.11.12"]
[SourceVersion "1"]
[SourceVersionDate "2012.11.12"]
[SourceQuality "1"]

1. e4 c5 2. Nf3 Nc6 3. d4 cxd4 4. Nxd4 Nf6 5. Nc3 d6 6. Bg5 Ng4 7. Be2 Qb6 8. Bb5 Bd7 9. 0-0 Qxd4 10. Bxc6 Qxd1 11. Bxd7+ Kxd7 12. Raxd1 g6 13. h3 Ne5 14. Nd5 Nc4 15. b3 Nb6 16. Ne3 Bg7 17. f4 Bc3 18. e5 f6 19. exf6 exf6 20. Bh4 Rhe8 21. Rf3 Rac8 22. Ng4 f5 23. Rxc3 fxg4 24. Rxc8 Rxc8 25. hxg4 Rxc2 26. a4 Rc3 27. f5 gxf5 28. gxf5 Rxb3 29. f6 Ke8 30. Re1+ Kf8 31. Re7 Nd5 32. Rxh7 Ne3 33. g3 Nf5 34. Kh2 Nxh4 35. gxh4 d5 36. Kg2 Ra3 37. Rxb7 Rxa4 1/2-1/2

[Event "LSS RA-2008-0-00018"]
[Site "LSS email"]
[Date "2008.07.29"]
[Round "?"]
[White "Silva"]
[Black "Szenczy, Sandor"]
[Result "1/2-1/2"]
[WhiteElo "1951"]
[BlackElo "1938"]
[PlyCount "69"]
[EventDate "2008.07.20"]
[EventType "tourn (corr)"]
[EventRounds "6"]
[EventCountry "GER"]
[SourceTitle "Corr 2013"]
[Source "ChessBase"]
[SourceDate "2012.11.12"]
[SourceVersion "1"]
[SourceVersionDate "2012.11.12"]
[SourceQuality "1"]

1. d4 d5 2. c4 c6 3. Nf3 Nf6 4. e3 Bf5 5. cxd5 cxd5 6. Qb3 Qc7 7. Nc3 e6 8. Bd2 a6 9. Rc1 Nc6 10. Ne2 Bd6 11. Ng3 0-0 12. Nxf5 exf5 13. g3 Qd7 14. Bg2 Rac8 15. 0-0 Rfe8 16. Rfe1 Rc7 17. Red1 Ne4 18. Ne1 Qe6 19. Nd3 Rec8 20. Be1 g6 21. a3 Kg7 22. f3 Nf6 23. Bd2 h5 24. Re1 h4 25. gxh4 Rh8 26. Nc5 Qe7 27. Bc3 Rxh4 28. f4 Kg8 29. h3 Bxc5 30. dxc5 Ne4 31. Rcd1 Rd7 32. Rxd5 Rxd5 33. Qxd5 Nxc3 34. bxc3 Rxf4 35. Qd6 1/2-1/2